Statistics for Jojo horse quiz

Click here to take the quiz!

General Stats

  • This quiz has been taken 55 times
  • The average score is 5 of 24

Answer Stats

HintAnswer% Correct
Johnny JoestarSlow Dancer
93%
Gyro ZeppeliValkyrie
79%
Diego BrandoSilver Bullet
66%
Diego Brando AUSilver Bullet AU
66%
PocolocoHey! Ya!
31%
Dot Han#1
21%
Nicholas JoestarBlack Rose
21%
Andre BoomboomFoxy lady
17%
Mountain TimGhost Rider in the sky
17%
Fritz von StroheimEurope Express
14%
Hot PantsGets Up
14%
Benjamin BoomboomCrosstown traffic
10%
GauchoPeg
10%
Mrs. RobinsonEl Condor Pasa
7%
Norisuke HigashikataHono
7%
IglesiasNatalie
7%
Baba YagaNut rocker
7%
Dixie ChickenRamblin' Man
7%
Sloop John B.Catch a wave
3%
NellyvilleCountry grammar
3%
L.A. BoomboomLittle wing
3%
Billy WhiteLove Unlimited
3%
Caravan SeraiMoon Flower
3%
Zenyatta MondattaRoxanne
3%

Score Distribution

Percentile by Number Answered

Percent of People with Each Score

Your Score History

You have not taken this quiz